Public 4-Year Colleges: Illinois - Statistics

General Stats
  • This quiz has been taken 43 times
  • The average score is 9 of 12
Answer Stats
Enrollment Answer % Correct
8,608 Eastern Illinois University
97%
7,455 Western Illinois University
97%
16,234 Northern Illinois University
94%
34,199 University of Illinois at Chicago
89%
56,607 University of Illinois at Urbana-Champaign
89%
13,010 Southern Illinois University Edwardsville
83%
11,266 Southern Illinois University Carbondale
80%
20,233 Illinois State University
77%
2,366 Chicago State University
57%
3,944 University of Illinois at Springfield
54%
6,440 Northeastern Illinois University
31%
5,776 Governors State University
26%
No matching quizzes found
Score Distribution
Percent of People with Each Score
Percentile by Number Answered
Your Score History
You have not taken this quiz